[Event "Vienna Chess Open 2013"]
[Site "Großer Festsaal im Wiener Rathaus, 1010 Wien"]
[Date "2013.08.22"]
[Round "6.27"]
[White "Blechzin, Igor"]
[Black "Wiesinger, Robert"]
[Result "0-1"]
[WhiteElo "2428"]
[BlackElo "2252"]
[[PlyCount "116"]
[[BlackElo "2252"]

1.c4 e5 2.Nc3 Nf6 3.Nf3 Nc6 4.a3 a5 5.d4 exd4 6.Nxd4 g6 7.g3 Bg7 8.Bg2 Nxd4 9.Qxd4
O-O 10.O-O d6 11.Qh4 Re8 12.Bg5 c6 13.Rad1 Re6 14.Ne4 h6 15.Bxf6 Bxf6 16.Nxf6+ Qxf6
17.Qxf6 Rxf6 18.c5 d5 19.e4 Bg4 20.f3 Bd7 21.e5 Re6 22.f4 Ree8 23.Kf2 f6 24.exf6 Kf7
25.h3 h5 26.Rfe1 Kxf6 27.Rd4 Rxe1 28.Kxe1 a4 29.Kf2 Ra5 30.Rb4 Bc8 31.Kf3 Rxc5 32.Rxa4
Bf5 33.Bf1 Rc1 34.Kf2 Rc2+ 35.Kf3 Rc1 36.Kf2 Rc2+ 37.Kf3 Rxb2 38.Rb4 Rxb4 39.axb4
b6 40.g4 hxg4+ 41.hxg4 Bb1 42.Ba6 c5 43.bxc5 bxc5 44.Ke3 Ke6 45.Bb7 Kd6 46.Ba8 Be4
47.Bb7 Bc2 48.Kd2 Ba4 49.Ba6 c4 50.Ke2 Bd7 51.f5 gxf5 52.g5 Ke5 53.Kf3 Be6 54.Bb5
d4 55.Be8 Bd5+ 56.Ke2 f4 57.Kd2 Kf5 58.g6 Ke5 0-1

[Event "Vienna Chess Open 2013"]
[Site "Großer Festsaal im Wiener Rathaus, 1010 Wien"]
[Date "2013.08.22"]
[Round "6.28"]
[White "Pöttinger, Harald"]
[Black "Sanal, Vahap"]
[Result "0-1"]
[WhiteElo "2256"]
[BlackElo "2421"]
[[PlyCount "88"]
[[BlackElo "2421"]

1.c4 Nf6 2.g3 e5 3.Bg2 h6 4.Nc3 Bb4 5.Qc2 O-O 6.a3 Be7 7.Nf3 d6 8.d4 exd4 9.Nxd4 Re8
10.O-O Bf8 11.h3 g6 12.e4 Nbd7 13.Be3 c6 14.Rad1 Qc7 15.Rfe1 a6 16.f4 Rb8 17.a4 a5
18.Bf2 Bg7 19.Nb3 b6 20.Nd4 Bb7 21.Ndb5 cxb5 22.Nxb5 Qd8 23.Nxd6 Ba8 24.Nxe8 Qxe8
25.e5 Nh7 26.Bxa8 Rxa8 27.Rd5 Nhf8 28.Red1 Rc8 29.Rd6 Rc7 30.Qb3 Qc8 31.Qb5 g5 32.b3
gxf4 33.gxf4 Nc5 34.Qxb6 Ne4 35.R6d3 Rc6 36.Qe3 Rg6+ 37.Kh2 Qf5 38.Be1 Ne6 39.Rd4
Nxd4 40.Rxd4 Nc5 41.b4 Ne6 42.Re4 Nxf4 43.Bc3 Qg5 44.Qf2 Nd3 0-1

[Event "Vienna Chess Open 2013"]
[Site "Großer Festsaal im Wiener Rathaus, 1010 Wien"]
[Date "2013.08.22"]
[Round "6.29"]
[White "Kraidman, Yair"]
[Black "Guido, Flavio"]
[Result "1-0"]
[WhiteElo "2254"]
[BlackElo "2418"]
[[PlyCount "49"]
[[BlackElo "2418"]

1.d4 Nf6 2.c4 g6 3.Nc3 d5 4.Nf3 Bg7 5.Bf4 O-O 6.Rc1 c5 7.dxc5 dxc4 8.Qxd8 Rxd8 9.e4
Na6 10.e5 Nh5 11.Be3 Bg4 12.Bxc4 Bxf3 13.gxf3 Bxe5 14.c6 Nc7 15.cxb7 Rab8 16.b3 Rxb7
17.Ke2 Nf4+ 18.Bxf4 Bxf4 19.Rcd1 Rxd1 20.Rxd1 Bxh2 21.Rd7 Kf8 22.Nd5 Bd6 23.Ba6 Ke8
24.Rxd6 Nxd5 25.Rxd5 1-0

[Event "Vienna Chess Open 2013"]
[Site "Großer Festsaal im Wiener Rathaus, 1010 Wien"]
[Date "2013.08.22"]
[Round "6.30"]
[White "Hendriks, Willy"]
[Black "Spornberger, Maximilian"]
[Result "1/2-1/2"]
[WhiteElo "2417"]
[BlackElo "2250"]
[[PlyCount "83"]
[[BlackElo "2250"]

1.e4 e6 2.d4 d5 3.e5 c5 4.c3 Nc6 5.Nf3 Qb6 6.a3 Nh6 7.Bd3 cxd4 8.cxd4 Nf5 9.Bxf5 exf5
10.O-O h6 11.Nc3 Be6 12.b4 Be7 13.Qd3 O-O 14.Ne2 a6 15.Ng3 Qb5 16.Qe3 Rfc8 17.Bd2
g5 18.Nh5 f4 19.Nxf4 gxf4 20.Qxf4 Bf8 21.Qh4 Qd3 22.Bxh6 Bxh6 23.Qxh6 Nxd4 24.Ng5
Ne2+ 25.Kh1 Rc6 26.Rfe1 Rac8 27.Rad1 Qc2 28.Nxe6 Rxe6 29.Qe3 Nc3 30.Rd4 Ne4 31.Rxd5
Nxf2+ 32.Kg1 Ng4 33.Qf4 Rg6 34.Rd2 Qc4 35.Rd4 Qa2 36.e6 fxe6 37.Rd2 Qb3 38.Qe4 Rg7
39.Rd3 Qc4 40.Rd8+ Kf7 41.Rd7+ Kg8 42.Rd8+ 1/2-1/2

[Event "Vienna Chess Open 2013"]
[Site "Großer Festsaal im Wiener Rathaus, 1010 Wien"]
[Date "2013.08.22"]
[Round "6.31"]
[White "Wallner, Joachim"]
[Black "Linster, Philippe"]
[Result "1/2-1/2"]
[WhiteElo "2407"]
[BlackElo "2244"]
[[PlyCount "33"]
[[BlackElo "2244"]

1.Nf3 Nf6 2.c4 e6 3.b3 d5 4.Bb2 Be7 5.e3 c5 6.Be2 Nc6 7.O-O d4 8.exd4 cxd4 9.d3 e5
10.Nbd2 O-O 11.a3 a5 12.Ne1 Bf5 13.Bf3 Nd7 14.Bd5 Nf6 15.Bf3 Nd7 16.Bd5 Nf6 17.Bf3 1/2-1/2

[Event "Vienna Chess Open 2013"]
[Site "Großer Festsaal im Wiener Rathaus, 1010 Wien"]
[Date "2013.08.22"]
[Round "6.32"]
[White "Nuri, Kambez"]
[Black "Vyskocil, Neklan"]
[Result "1/2-1/2"]
[WhiteElo "2244"]
[BlackElo "2398"]
[[PlyCount "124"]
[[BlackElo "2398"]

1.e4 c5 2.Nf3 e6 3.d4 cxd4 4.Nxd4 Nf6 5.Nc3 d6 6.Be2 Be7 7.O-O O-O 8.Be3 Nc6 9.f4
Qc7 10.Kh1 a6 11.a4 Re8 12.Qe1 Bf8 13.Qg3 Bd7 14.Nb3 Nb4 15.a5 Bc6 16.Bb6 Qe7 17.Bd3
Nxd3 18.Qxd3 d5 19.e5 Ne4 20.Nxe4 dxe4 21.Qe3 Qb4 22.Rfd1 Bd5 23.Bc5 Qc4 24.Bxf8 Rxf8
25.Nd4 Rac8 26.Rd2 f6 27.Kg1 fxe5 28.fxe5 Rf7 29.b3 Qc3 30.Qxc3 Rxc3 31.Ne2 Rc5 32.c4
Bc6 33.Rd8+ Rf8 34.Rxf8+ Kxf8 35.Nd4 Ke7 36.Nxc6+ bxc6 37.Kf2 Rxe5 38.Ke3 Rh5 39.h3
Rg5 40.g4 h5 41.Kf4 Kf6 42.b4 e3 43.Re1 hxg4 44.hxg4 e5+ 45.Kg3 Rg6 46.Rxe3 Ke6 47.Rf3
Rh6 48.Rf8 Rh1 49.Ra8 Rb1 50.Rxa6 Rxb4 51.Rxc6+ Kd7 52.Rg6 Rxc4 53.a6 Ra4 54.Rxg7+
Ke6 55.Rg6+ Kf7 56.Rb6 Ra3+ 57.Kh4 e4 58.Rc6 e3 59.Kg3 e2+ 60.Kf2 Ra2 61.g5 Kg7 62.Re6
Kh7 1/2-1/2

[Event "Vienna Chess Open 2013"]
[Site "Großer Festsaal im Wiener Rathaus, 1010 Wien"]
[Date "2013.08.22"]
[Round "6.33"]
[White "Alvir, Aco"]
[Black "Lechner, Daniel"]
[Result "1-0"]
[WhiteElo "2383"]
[BlackElo "2223"]
[[PlyCount "79"]
[[BlackElo "2223"]

1.e4 c5 2.Nf3 d6 3.d4 cxd4 4.Nxd4 Nf6 5.Nc3 a6 6.Be3 e5 7.Nb3 Be6 8.f3 Be7 9.Qd2 O-O
10.O-O-O Nbd7 11.g4 b5 12.g5 b4 13.gxf6 bxc3 14.Qxc3 Nxf6 15.Qa5 Qc8 16.Rg1 Nh5 17.Kb1
g6 18.Rd3 Qb7 19.Qb6 Qxb6 20.Bxb6 Rfc8 21.Be3 a5 22.a3 a4 23.Nc1 Rab8 24.Rd2 Rc7 25.Ba6
Nf4 26.Ka1 Bf6 27.Rgd1 d5 28.c3 dxe4 29.fxe4 Kg7 30.Na2 Bc4 31.Ba7 Re8 32.Bb6 Rc6
33.Nb4 Rxb6 34.Bxc4 Be7 35.Rd7 Rf6 36.Ra7 Bxb4 37.axb4 Ng2 38.Rdd7 Rf8 39.b5 Ne3 40.Rxf7+ 1-0

[Event "Vienna Chess Open 2013"]
[Site "Großer Festsaal im Wiener Rathaus, 1010 Wien"]
[Date "2013.08.22"]
[Round "6.34"]
[White "Semenova, Irina"]
[Black "Rosner, Jonas"]
[Result "1-0"]
[WhiteElo "2240"]
[BlackElo "2365"]
[[PlyCount "95"]
[[BlackElo "2365"]

1.e4 c6 2.d4 d5 3.Nc3 dxe4 4.Nxe4 Bf5 5.Ng3 Bg6 6.Nh3 e6 7.Nf4 Bd6 8.c3 Nf6 9.Bc4
Nbd7 10.Nxg6 hxg6 11.Qf3 Qc7 12.Ne4 Nxe4 13.Qxe4 Rxh2 14.Rxh2 Bxh2 15.g3 Bxg3 16.fxg3
Qxg3+ 17.Kd1 Nf6 18.Qf4 Qxf4 19.Bxf4 Ke7 20.Ke2 Nd5 21.Bg3 Rh8 22.Rg1 g5 23.Kf2 f6
24.Bb3 Kd7 25.Re1 b5 26.c4 bxc4 27.Bxc4 g4 28.a3 a5 29.b3 g5 30.Kg2 a4 31.bxa4 Ra8
32.Bb3 Ra6 33.Rh1 Rb6 34.Rh7+ Ne7 35.Be1 c5 36.Bc4 Rb2+ 37.Kg3 Rb1 38.Bb5+ Kd6 39.dxc5+
Kd5 40.Bf2 Nf5+ 41.Kxg4 Rb2 42.Rd7+ Ke4 43.Bd3+ Ke5 44.Be1 Ne3+ 45.Kf3 Nd5 46.c6 Rb3
47.Rxd5+ Kxd5 48.Ke4+ 1-0

[Event "Vienna Chess Open 2013"]
[Site "Großer Festsaal im Wiener Rathaus, 1010 Wien"]
[Date "2013.08.22"]
[Round "6.35"]
[White "Lewicki, Miroslaw"]
[Black "Kuznecov, Mikhail"]
[Result "1/2-1/2"]
[WhiteElo "2188"]
[BlackElo "2364"]
[[PlyCount "96"]
[[BlackElo "2364"]

1.e4 d6 2.d4 Nf6 3.Bd3 e5 4.Ne2 Be7 5.O-O O-O 6.c4 Nbd7 7.Nbc3 exd4 8.Nxd4 Re8 9.Bc2
Bf8 10.Bg5 c6 11.Qd2 Ne5 12.b3 h6 13.Be3 Neg4 14.Bf4 Nh5 15.Rad1 Nxf4 16.Qxf4 Qa5
17.Qg3 Nf6 18.f4 Bg4 19.Rde1 Qc5 20.Qd3 Bh5 21.h3 Bg6 22.f5 Bh7 23.Na4 Qa5 24.g4 Nd7
25.Qc3 Qxc3 26.Nxc3 Ne5 27.Rd1 Rad8 28.Kg2 Kh8 29.Kg3 Bg8 30.Nce2 d5 31.exd5 cxd5
32.cxd5 Rxd5 33.Nf4 Rdd8 34.Nb5 a6 35.Nd4 Bd6 36.h4 g5 37.fxg6 Nxg6 38.Bxg6 fxg6 39.Kg2
Kg7 40.h5 Bxf4 41.Rxf4 Rd5 42.hxg6 Kxg6 43.Rdf1 h5 44.Nf3 Be6 45.gxh5+ Rxh5 46.Kg3
Bd5 47.Rd1 Re3 48.Kf2 Rxf3+ 1/2-1/2

[Event "Vienna Chess Open 2013"]
[Site "Großer Festsaal im Wiener Rathaus, 1010 Wien"]
[Date "2013.08.22"]
[Round "6.36"]
[White "Trkulja, Zoran"]
[Black "Barle, Janez"]
[Result "1/2-1/2"]
[WhiteElo "2181"]
[BlackElo "2363"]
[[PlyCount "74"]
[[BlackElo "2363"]

1.e4 e5 2.Nf3 Nc6 3.Bb5 a6 4.Ba4 d6 5.O-O b5 6.Bb3 Nf6 7.c3 Be7 8.a4 Bd7 9.Re1 O-O
10.d3 Na5 11.Bc2 c5 12.axb5 axb5 13.d4 cxd4 14.cxd4 Qc7 15.Nc3 Rfc8 16.Bd3 Nc4 17.Rxa8
Rxa8 18.b3 exd4 19.Nxd4 Na3 20.Ncxb5 Nxb5 21.Nxb5 Bxb5 22.Bxb5 Ra1 23.Bc4 h6 24.Qd4
Qa5 25.Rf1 d5 26.Bd2 Rxf1+ 27.Bxf1 Qa3 28.exd5 Qxb3 29.d6 Bd8 30.g3 Qb8 31.h3 Bb6
32.Qe5 Qa7 33.Qf5 Qa3 34.Qd3 Qxd3 35.Bxd3 Bc5 36.Bf4 g5 37.Be5 Nd7 1/2-1/2